<?xml version="1.0" encoding="UTF-8"?>
<record
    xmlns:xsi="http://www.w3.org/2001/XMLSchema-instance"
    xsi:schemaLocation="http://www.loc.gov/MARC21/slim http://www.loc.gov/standards/marcxml/schema/MARC21slim.xsd"
    xmlns="http://www.loc.gov/MARC21/slim">

  <leader>01209nam a22002657a 4500</leader>
  <controlfield tag="001">BRCA_9353</controlfield>
  <controlfield tag="003">FranzMayer</controlfield>
  <controlfield tag="005">20230920114730.0</controlfield>
  <controlfield tag="008">230908b        |||||||| |||| 00| 0 eng d</controlfield>
  <datafield tag="040" ind1=" " ind2=" ">
    <subfield code="a">MFM</subfield>
    <subfield code="b">ESPA&#xD1;OL</subfield>
    <subfield code="c">MFM</subfield>
  </datafield>
  <datafield tag="050" ind1=" " ind2="0">
    <subfield code="a">NK9200.M6</subfield>
    <subfield code="b">F56 2023</subfield>
  </datafield>
  <datafield tag="100" ind1="1" ind2=" ">
    <subfield code="4">Autora</subfield>
    <subfield code="a">Flores Enr&#xED;quez, Alejandra Mayela</subfield>
    <subfield code="9">29818</subfield>
  </datafield>
  <datafield tag="240" ind1=" " ind2=" ">
    <subfield code="a">Bordados hechos por mujeres</subfield>
    <subfield code="h">Historia, arte y disputa en M&#xE9;xico durante el siglo XIX</subfield>
    <subfield code="l">Espa&#xF1;ol</subfield>
  </datafield>
  <datafield tag="245" ind1="0" ind2=" ">
    <subfield code="a">Bordados hechos por mujeres</subfield>
    <subfield code="b">Historia, arte y disputa en M&#xE9;xico durante el siglo XIX</subfield>
  </datafield>
  <datafield tag="260" ind1=" " ind2=" ">
    <subfield code="a">CDMX, M&#xE9;xico</subfield>
    <subfield code="b">Universidad Iberoamericana </subfield>
    <subfield code="c">2023</subfield>
  </datafield>
  <datafield tag="300" ind1=" " ind2=" ">
    <subfield code="a">502 p</subfield>
    <subfield code="b">Ilustraciones a color</subfield>
    <subfield code="c">21 cm</subfield>
  </datafield>
  <datafield tag="500" ind1=" " ind2=" ">
    <subfield code="a">Anexo investigaci&#xF3;n</subfield>
  </datafield>
  <datafield tag="500" ind1=" " ind2=" ">
    <subfield code="a">Incluye una dedicatoria al museo Franz Mayer</subfield>
  </datafield>
  <datafield tag="505" ind1=" " ind2=" ">
    <subfield code="a">Texto en: espa&#xF1;olIncluye &#xED;ndice tem&#xE1;ticoIncluye bibliograf&#xED;aDirigido a: artistas, historiadores de arte, personas con inter&#xE9;s en el papel de la mujer en el arte</subfield>
  </datafield>
  <datafield tag="650" ind1="1" ind2=" ">
    <subfield code="2">Artes decorativas</subfield>
    <subfield code="a">Artesanias</subfield>
    <subfield code="v">Bordado</subfield>
    <subfield code="9">29819</subfield>
  </datafield>
  <datafield tag="651" ind1="2" ind2=" ">
    <subfield code="2">Artes mexicanas</subfield>
    <subfield code="a">Bordados</subfield>
    <subfield code="v">Bordados hechos por mujeres</subfield>
    <subfield code="9">29820</subfield>
  </datafield>
  <datafield tag="700" ind1="1" ind2=" ">
    <subfield code="4">Asesora</subfield>
    <subfield code="a">Gama Leyva, Mcihelle</subfield>
    <subfield code="9">29821</subfield>
  </datafield>
  <datafield tag="700" ind1="1" ind2=" ">
    <subfield code="4">Asesora</subfield>
    <subfield code="a">Galan Tames, Genevieye</subfield>
    <subfield code="9">29822</subfield>
  </datafield>
  <datafield tag="942" ind1=" " ind2=" ">
    <subfield code="2">lcc</subfield>
    <subfield code="c">TES</subfield>
  </datafield>
  <datafield tag="999" ind1=" " ind2=" ">
    <subfield code="c">11065</subfield>
    <subfield code="d">11065</subfield>
  </datafield>
  <datafield tag="952" ind1=" " ind2=" ">
    <subfield code="0">0</subfield>
    <subfield code="1">0</subfield>
    <subfield code="2">lcc</subfield>
    <subfield code="4">0</subfield>
    <subfield code="7">0</subfield>
    <subfield code="8">TES</subfield>
    <subfield code="a">BRCA</subfield>
    <subfield code="b">BRCA</subfield>
    <subfield code="d">2023-09-08</subfield>
    <subfield code="l">0</subfield>
    <subfield code="o">NK9200.M6 F56 2023</subfield>
    <subfield code="p">TES00070</subfield>
    <subfield code="r">2023-09-08 00:00:00</subfield>
    <subfield code="w">2023-09-08</subfield>
    <subfield code="y">TES</subfield>
  </datafield>
</record>
